Hármas könyves díjátadó Diószegen

Bibliographic Details
Main Author: Juhász, Katalin, 1969- (Author)
Format: Article
Language:Hungarian
PhysicalDescription:Fotogr.
ISSN:1335-7050
Subjects:

MARC

LEADER 00000nab a2200000 a 4500
001 vtls010679626
003 SK-MaSNL
005 20260318115354.0
008 171120c20150518xo d| | 000 0|2hun
015 |a SNBRB2015/05 
038 |a DSZK 
040 |a DSZK  |b slo  |c DSZK  |e AACR2 
041 0 |a hun 
044 |a xo  |c SK 
080 |a 06.05:82  |2 2001 
080 |a 821.511.141 (437.6)-051  |2 2001 
100 1 |a Juhász, Katalin,  |d 1969-  |4 aut  |9 102317 
245 1 0 |a Hármas könyves díjátadó Diószegen  |c Juhász Katalin 
300 |b Fotogr. 
600 1 7 |a Szalay, Zoltán,  |d 1985-  |2 SNKMA  |9 103618 
600 1 7 |a Vida, Gergely,  |d 1973-  |2 dszk  |9 103802 
600 1 7 |a Tóth, László,  |d 1949-  |2 dszk  |9 103353 
648 7 |a 2015  |2 dszk  |9 337775 
650 0 7 |a rodáci  |2 snkbucl  |9 30842 
650 0 7 |a literárne ceny  |2 SNKPH  |9 72846 
650 0 7 |a Cena Alfonza Talamona  |y 2015  |2 dszk  |9 1606062 
650 0 7 |a Cena Imre Forbátha  |y 2015  |2 dszk  |9 1281741 
650 0 7 |a Cena Tibora Simkóa  |y 2015  |2 dszk  |9 1606063 
651 7 |a Sládkovičovo (Slovensko)  |2 SNKPHgeo  |9 73212 
651 7 |a Dunajská Streda (Slovensko)  |2 dszk  |9 17375 
651 7 |a Ňárad (Slovensko)  |2 dszk  |9 115321 
651 7 |a Dunajská Streda (Slovensko : okres)  |2 dszk  |9 145813 
773 0 |t Új szó  |g Évf. 68, sz. 112 (2015.5.18), o. 7  |x 1335-7050 
852 |a DSZK  |b KIS3GCP 
958 |a HU 
958 |a SK 
999 |c 3306833  |d 3308763